[Event "DEM U18 2019"]
[Site "Willingen GER"]
[Date "2019.06.13"]
[Round "7"]
[White "Engel, Luis"]
[Black "Martin, Julian"]
[Result "1/2-1/2"]
[Termination "normal"]
[Board "1"]
[WhiteTitle "IM"]
[BlackTitle "IM"]
[WhiteElo "2512"]
[BlackElo "2370"]
[WhiteClock "00:06:16"]
[BlackClock "00:05:21"]
[PlyCount "67"]
[WhiteFideId "12961523"]
[BlackFideId "12941000"]
[EventCountry "GER"]
[EventRounds "9"]
[EventType "swiss"]
[EventDate "2019.06.08"]

1. e4 {[%clk 1:30:58]} 1... c5 {[%clk 1:30:52]} 2. Nf3 {[%clk 1:31:23]} 2...
Nc6 {[%clk 1:29:44]} 3. Bb5 {[%clk 1:31:47]} 3... g6 {[%clk 1:29:55]} 4. Bxc6 {
[%clk 1:32:12]} 4... bxc6 {[%clk 1:30:19]} 5. O-O {[%clk 1:32:35]} 5... Bg7 {
[%clk 1:30:38]} 6. Re1 {[%clk 1:32:57]} 6... Nh6 {[%clk 1:30:59]} 7. c3 { [%clk
1:33:21]} 7... O-O {[%clk 1:30:55]} 8. h3 {[%clk 1:33:47]} 8... f5 { [%clk
1:31:03]} 9. e5 {[%clk 1:34:12]} 9... Nf7 {[%clk 1:31:28]} 10. d3 { [%clk
1:34:37]} 10... h6 {[%clk 1:31:46]} 11. Na3 {[%clk 1:25:34]} 11... g5 { [%clk
1:31:20]} 12. Qa4 {[%clk 1:20:27]} 12... d6 {[%clk 1:09:02]} 13. e6 { [%clk
1:06:02]} 13... Nh8 {[%clk 1:09:15]} 14. Qxc6 {[%clk 0:57:24]} 14... Rb8 {[%clk
1:07:22]} 15. Nc4 {[%clk 0:55:29]} 15... Ng6 {[%clk 0:57:30]} 16. Qa4 { [%clk
0:49:28]} 16... Rf6 {[%clk 0:33:54]} 17. d4 {[%clk 0:41:57]} 17... g4 { [%clk
0:31:54]} 18. hxg4 {[%clk 0:42:00]} 18... fxg4 {[%clk 0:32:17]} 19. Nh2 { [%clk
0:42:14]} 19... cxd4 {[%clk 0:26:26]} 20. Nxg4 {[%clk 0:32:27]} 20... Rxe6
{[%clk 0:25:30]} 21. Bxh6 {[%clk 0:30:40]} 21... Rxe1+ {[%clk 0:24:22]} 22.
Rxe1 {[%clk 0:31:05]} 22... Bxg4 {[%clk 0:23:51]} 23. Bxg7 {[%clk 0:31:30]}
23... Kxg7 {[%clk 0:24:07]} 24. Qxa7 {[%clk 0:31:54]} 24... dxc3 { [%clk
0:17:07]} 25. Qd4+ {[%clk 0:30:59]} 25... e5 {[%clk 0:17:24]} 26. Qxg4 { [%clk
0:30:32]} 26... cxb2 {[%clk 0:17:17]} 27. Rb1 {[%clk 0:30:11]} 27... Qc7 {[%clk
0:16:03]} 28. Rxb2 {[%clk 0:29:21]} 28... Rxb2 {[%clk 0:11:20]} 29. Nxb2 {[%clk
0:29:46]} 29... d5 {[%clk 0:10:33]} 30. Qd1 {[%clk 0:13:36]} 30... d4 { [%clk
0:07:33]} 31. g3 {[%clk 0:08:13]} 31... Qc3 {[%clk 0:05:38]} 32. Na4 { [%clk
0:07:24]} 32... Qc6 {[%clk 0:05:02]} 33. Nb2 {[%clk 0:06:29]} 33... Qc3 { [%clk
0:05:21]} 34. Na4 {[%clk 0:06:16]} 1/2-1/2

[Event "DEM U18 2019"]
[Site "Willingen GER"]
[Date "2019.06.13"]
[Round "7"]
[White "Buckels, Valentin"]
[Black "Muckle, Julius"]
[Result "1-0"]
[Termination "normal"]
[Board "2"]
[WhiteTitle "IM"]
[BlackTitle "FM"]
[WhiteElo "2448"]
[BlackElo "2370"]
[WhiteClock "00:04:25"]
[BlackClock "00:02:04"]
[PlyCount "149"]
[WhiteFideId "12942766"]
[BlackFideId "12942430"]
[EventCountry "GER"]
[EventRounds "9"]
[EventType "swiss"]
[EventDate "2019.06.08"]

1. Nf3 {[%clk 1:30:55]} 1... d5 {[%clk 1:30:57]} 2. g3 {[%clk 1:31:14]} 2...
Nf6 {[%clk 1:31:18]} 3. Bg2 {[%clk 1:31:29]} 3... c6 {[%clk 1:31:29]} 4. c4 {
[%clk 1:31:24]} 4... Bf5 {[%clk 1:31:30]} 5. Qb3 {[%clk 1:31:05]} 5... Qb6 {
[%clk 1:29:46]} 6. d3 {[%clk 1:31:20]} 6... e6 {[%clk 1:27:09]} 7. Be3 { [%clk
1:31:40]} 7... Qxb3 {[%clk 1:27:30]} 8. axb3 {[%clk 1:32:03]} 8... Nbd7 { [%clk
1:23:07]} 9. Rxa7 {[%clk 1:15:59]} 9... Rxa7 {[%clk 1:23:30]} 10. Bxa7 { [%clk
1:16:23]} 10... Bb4+ {[%clk 1:21:07]} 11. Nc3 {[%clk 1:12:16]} 11... O-O {[%clk
1:15:16]} 12. Bd4 {[%clk 1:05:16]} 12... Ra8 {[%clk 1:10:49]} 13. O-O { [%clk
1:05:11]} 13... Bg4 {[%clk 1:06:13]} 14. Nd1 {[%clk 0:51:01]} 14... e5 { [%clk
0:57:44]} 15. Bc3 {[%clk 0:51:02]} 15... Bd6 {[%clk 0:49:46]} 16. b4 { [%clk
0:43:23]} 16... Ra2 {[%clk 0:36:17]} 17. h3 {[%clk 0:35:10]} 17... Be6 { [%clk
0:34:21]} 18. c5 {[%clk 0:34:33]} 18... Bc7 {[%clk 0:34:06]} 19. d4 { [%clk
0:32:02]} 19... Ne4 {[%clk 0:32:21]} 20. Be1 {[%clk 0:31:27]} 20... f6 { [%clk
0:26:19]} 21. e3 {[%clk 0:31:04]} 21... Nf8 {[%clk 0:20:36]} 22. Kh2 { [%clk
0:28:23]} 22... Bf7 {[%clk 0:19:07]} 23. Nd2 {[%clk 0:27:56]} 23... Nxd2 {[%clk
0:15:45]} 24. Bxd2 {[%clk 0:28:24]} 24... Ne6 {[%clk 0:15:53]} 25. Bc3 { [%clk
0:28:05]} 25... Bg6 {[%clk 0:15:39]} 26. f4 {[%clk 0:25:04]} 26... Bd3 { [%clk
0:15:01]} 27. Re1 {[%clk 0:25:01]} 27... e4 {[%clk 0:13:53]} 28. Nf2 { [%clk
0:24:37]} 28... Bc4 {[%clk 0:13:49]} 29. h4 {[%clk 0:24:26]} 29... f5 { [%clk
0:11:56]} 30. g4 {[%clk 0:19:17]} 30... g6 {[%clk 0:09:56]} 31. Rg1 { [%clk
0:14:35]} 31... Nxf4 {[%clk 0:07:29]} 32. exf4 {[%clk 0:08:14]} 32... Bxf4+
{[%clk 0:07:58]} 33. Kh1 {[%clk 0:05:55]} 33... Be3 {[%clk 0:08:19]} 34. Bf1
{[%clk 0:05:53]} 34... Bxf2 {[%clk 0:06:35]} 35. Bxc4 {[%clk 0:06:18]} 35...
dxc4 {[%clk 0:07:04]} 36. Rg2 {[%clk 0:06:26]} 36... e3 {[%clk 0:06:15]} 37.
gxf5 {[%clk 0:06:49]} 37... Kf7 {[%clk 0:05:42]} 38. fxg6+ {[%clk 0:07:08]}
38... hxg6 {[%clk 0:06:11]} 39. Rh2 {[%clk 0:04:39]} 39... Ke6 {[%clk 0:01:42]}
40. Kg2 {[%clk 0:04:39]} 40... Kd5 {[%clk 0:00:42]} 41. Kf3 {[%clk 0:04:33]}
41... Ra8 {[%clk 0:12:10]} 42. Rg2 {[%clk 0:29:02]} 42... Rf8+ {[%clk 0:12:39]}
43. Ke2 {[%clk 0:29:21]} 43... Bxh4 {[%clk 0:09:00]} 44. Rxg6 {[%clk 0:29:24]}
44... Bf6 {[%clk 0:07:12]} 45. Kxe3 {[%clk 0:28:46]} 45... Re8+ {[%clk 0:04:07]
} 46. Kd2 {[%clk 0:24:30]} 46... Rf8 {[%clk 0:04:00]} 47. Kc2 {[%clk 0:24:27]}
47... Rf7 {[%clk 0:03:49]} 48. Rh6 {[%clk 0:24:07]} 48... Bg7 {[%clk 0:02:44]}
49. Rd6+ {[%clk 0:23:19]} 49... Ke4 {[%clk 0:03:12]} 50. Re6+ {[%clk 0:23:24]}
50... Kd5 {[%clk 0:03:25]} 51. Re8 {[%clk 0:23:48]} 51... Rd7 {[%clk 0:03:01]}
52. Re2 {[%clk 0:23:14]} 52... Rf7 {[%clk 0:02:36]} 53. Rg2 {[%clk 0:22:30]}
53... Ke4 {[%clk 0:02:15]} 54. d5 {[%clk 0:12:56]} 54... Bxc3 {[%clk 0:02:17]}
55. Kxc3 {[%clk 0:13:10]} 55... Rf3+ {[%clk 0:01:59]} 56. Kxc4 {[%clk 0:12:55]}
56... cxd5+ {[%clk 0:02:28]} 57. Kb5 {[%clk 0:13:15]} 57... d4 {[%clk 0:02:31]}
58. Rg7 {[%clk 0:11:13]} 58... d3 {[%clk 0:02:06]} 59. Re7+ {[%clk 0:11:01]}
59... Kd4 {[%clk 0:01:05]} 60. Rd7+ {[%clk 0:08:47]} 60... Ke3 {[%clk 0:00:59]}
61. Rxb7 {[%clk 0:04:43]} 61... Rf4 {[%clk 0:00:44]} 62. Rd7 {[%clk 0:04:01]}
62... Rd4 {[%clk 0:00:59]} 63. Rxd4 {[%clk 0:03:10]} 63... Kxd4 {[%clk 0:01:27]
} 64. c6 {[%clk 0:03:34]} 64... d2 {[%clk 0:01:52]} 65. c7 {[%clk 0:04:01]}
65... d1=Q {[%clk 0:02:15]} 66. c8=Q {[%clk 0:04:26]} 66... Qf1+ { [%clk
0:01:10]} 67. Kb6 {[%clk 0:04:38]} 67... Qf6+ {[%clk 0:00:39]} 68. Qc6 { [%clk
0:04:44]} 68... Qd8+ {[%clk 0:00:39]} 69. Ka6 {[%clk 0:04:46]} 69... Qf8 {[%clk
0:00:43]} 70. Qc5+ {[%clk 0:03:05]} 70... Qxc5 {[%clk 0:01:11]} 71. bxc5 {[%clk
0:03:29]} 71... Kxc5 {[%clk 0:01:30]} 72. Ka5 {[%clk 0:03:57]} 72... Kc6 {[%clk
0:01:44]} 73. b4 {[%clk 0:03:58]} 73... Kc7 {[%clk 0:01:41]} 74. Ka6 { [%clk
0:04:14]} 74... Kb8 {[%clk 0:02:04]} 75. b5 {[%clk 0:04:25]} 1-0

[Event "DEM U18 2019"]
[Site "Willingen GER"]
[Date "2019.06.13"]
[Round "7"]
[White "Schmider, Niklas"]
[Black "Parvanyan, Ashot"]
[Result "1/2-1/2"]
[Termination "normal"]
[Board "3"]
[BlackTitle "IM"]
[WhiteElo "2300"]
[BlackElo "2421"]
[WhiteClock "00:05:06"]
[BlackClock "00:08:30"]
[PlyCount "175"]
[WhiteFideId "12993778"]
[BlackFideId "13307550"]
[EventCountry "GER"]
[EventRounds "9"]
[EventType "swiss"]
[EventDate "2019.06.08"]

1. e4 {[%clk 1:30:58]} 1... e6 {[%clk 1:30:47]} 2. d4 {[%clk 1:31:23]} 2... d5
{[%clk 1:31:05]} 3. exd5 {[%clk 1:31:49]} 3... exd5 {[%clk 1:31:30]} 4. Nf3 {
[%clk 1:32:13]} 4... Nc6 {[%clk 1:31:22]} 5. Bb5 {[%clk 1:32:31]} 5... Bd6 {
[%clk 1:31:30]} 6. c4 {[%clk 1:32:44]} 6... dxc4 {[%clk 1:31:03]} 7. d5 { [%clk
1:33:07]} 7... a6 {[%clk 1:31:26]} 8. Ba4 {[%clk 1:33:34]} 8... b5 { [%clk
1:31:51]} 9. dxc6 {[%clk 1:33:59]} 9... bxa4 {[%clk 1:32:18]} 10. O-O { [%clk
1:33:58]} 10... Ne7 {[%clk 1:30:29]} 11. Nbd2 {[%clk 1:34:05]} 11... O-O {[%clk
1:05:20]} 12. Qxa4 {[%clk 1:30:44]} 12... Rb8 {[%clk 1:01:50]} 13. Nxc4 {[%clk
1:19:58]} 13... Rb4 {[%clk 0:57:53]} 14. Qc2 {[%clk 1:19:34]} 14... Bf5 {[%clk
0:58:09]} 15. Qc3 {[%clk 1:19:28]} 15... Nd5 {[%clk 0:39:24]} 16. Qd4 { [%clk
1:17:51]} 16... Be7 {[%clk 0:16:09]} 17. b3 {[%clk 0:56:24]} 17... Bf6 { [%clk
0:15:37]} 18. Nfe5 {[%clk 0:56:44]} 18... Nb6 {[%clk 0:07:17]} 19. Qxd8 { [%clk
0:44:16]} 19... Rxd8 {[%clk 0:07:42]} 20. Bb2 {[%clk 0:43:08]} 20... Nxc4
{[%clk 0:06:02]} 21. Nxc4 {[%clk 0:43:28]} 21... Bxb2 {[%clk 0:06:04]} 22. Nxb2
{[%clk 0:43:50]} 22... Be4 {[%clk 0:04:24]} 23. Rfe1 {[%clk 0:29:44]} 23... Re8
{[%clk 0:01:59]} 24. Rac1 {[%clk 0:20:33]} 24... Rd4 {[%clk 0:00:32]} 25. Nc4 {
[%clk 0:14:41]} 25... Bxc6 {[%clk 0:00:35]} 26. Ne3 {[%clk 0:14:43]} 26... Bb5
{[%clk 0:00:32]} 27. Rxc7 {[%clk 0:13:59]} 27... g6 {[%clk 0:00:33]} 28. Rec1 {
[%clk 0:13:30]} 28... Kg7 {[%clk 0:00:35]} 29. Ra7 {[%clk 0:13:04]} 29... Rf4 {
[%clk 0:00:42]} 30. a4 {[%clk 0:08:51]} 30... Bd3 {[%clk 0:01:09]} 31. h3 {
[%clk 0:08:53]} 31... Rb8 {[%clk 0:00:44]} 32. Rc3 {[%clk 0:08:42]} 32... Bb1 {
[%clk 0:00:36]} 33. Rxa6 {[%clk 0:06:31]} 33... Ba2 {[%clk 0:01:00]} 34. Nd5 {
[%clk 0:03:01]} 34... Rd4 {[%clk 0:00:36]} 35. Rb6 {[%clk 0:02:58]} 35... Rxb6
{[%clk 0:00:38]} 36. Nxb6 {[%clk 0:03:21]} 36... Rb4 {[%clk 0:00:44]} 37. Nd7 {
[%clk 0:00:53]} 37... Bxb3 {[%clk 0:01:00]} 38. a5 {[%clk 0:01:19]} 38... Bd5 {
[%clk 0:00:34]} 39. Ra3 {[%clk 0:00:52]} 39... Rb7 {[%clk 0:00:33]} 40. Nc5 {
[%clk 0:01:12]} 40... Ra7 {[%clk 0:00:43]} 41. f3 {[%clk 0:26:43]} 41... Kf6 {
[%clk 0:30:05]} 42. Kf2 {[%clk 0:26:46]} 42... Ke5 {[%clk 0:30:16]} 43. Ke3 {
[%clk 0:26:49]} 43... Bc4 {[%clk 0:30:16]} 44. Nd3+ {[%clk 0:24:36]} 44... Kd5
{[%clk 0:28:31]} 45. h4 {[%clk 0:23:43]} 45... f6 {[%clk 0:26:26]} 46. g4 {
[%clk 0:20:36]} 46... g5 {[%clk 0:21:15]} 47. hxg5 {[%clk 0:16:13]} 47... fxg5
{[%clk 0:21:38]} 48. Nf2 {[%clk 0:14:50]} 48... Kc5 {[%clk 0:20:35]} 49. Ne4+ {
[%clk 0:13:46]} 49... Kb4 {[%clk 0:20:59]} 50. Ra1 {[%clk 0:13:49]} 50... h6 {
[%clk 0:20:48]} 51. Nd6 {[%clk 0:12:56]} 51... Bd5 {[%clk 0:12:37]} 52. Nf5 {
[%clk 0:10:32]} 52... Ra6 {[%clk 0:08:52]} 53. Kf2 {[%clk 0:06:17]} 53... Ba8 {
[%clk 0:04:55]} 54. Kg3 {[%clk 0:05:09]} 54... Bd5 {[%clk 0:02:20]} 55. Ne3 {
[%clk 0:02:44]} 55... Ba8 {[%clk 0:02:05]} 56. Rb1+ {[%clk 0:02:33]} 56... Kc5
{[%clk 0:01:36]} 57. Rb6 {[%clk 0:01:56]} 57... Rxb6 {[%clk 0:00:33]} 58. axb6
{[%clk 0:02:21]} 58... Kxb6 {[%clk 0:00:59]} 59. Nf5 {[%clk 0:02:48]} 59... Kc7
{[%clk 0:00:54]} 60. Nxh6 {[%clk 0:03:06]} 60... Bd5 {[%clk 0:01:18]} 61. Nf5 {
[%clk 0:03:20]} 61... Kd7 {[%clk 0:01:26]} 62. Ne3 {[%clk 0:02:57]} 62... Bb7 {
[%clk 0:01:28]} 63. Nd1 {[%clk 0:03:03]} 63... Ke6 {[%clk 0:01:50]} 64. Kf2 {
[%clk 0:03:25]} 64... Kf6 {[%clk 0:02:01]} 65. Ke3 {[%clk 0:03:30]} 65... Bd5 {
[%clk 0:02:14]} 66. Nc3 {[%clk 0:03:54]} 66... Bc6 {[%clk 0:02:39]} 67. Ne2 {
[%clk 0:02:00]} 67... Bd5 {[%clk 0:02:49]} 68. Nd4 {[%clk 0:01:39]} 68... Bb7 {
[%clk 0:03:01]} 69. Nb5 {[%clk 0:01:35]} 69... Bd5 {[%clk 0:03:14]} 70. Nd6 {
[%clk 0:01:24]} 70... Bc6 {[%clk 0:03:27]} 71. Nf5 {[%clk 0:01:08]} 71... Bd5 {
[%clk 0:03:31]} 72. Nd4 {[%clk 0:01:13]} 72... Bb7 {[%clk 0:03:45]} 73. Ne2 {
[%clk 0:01:38]} 73... Bd5 {[%clk 0:04:06]} 74. Ng1 {[%clk 0:02:00]} 74... Bb7 {
[%clk 0:04:28]} 75. Kd3 {[%clk 0:02:17]} 75... Ke5 {[%clk 0:04:44]} 76. Ke3 {
[%clk 0:02:38]} 76... Bc6 {[%clk 0:04:50]} 77. Nh3 {[%clk 0:02:49]} 77... Kf6 {
[%clk 0:05:15]} 78. f4 {[%clk 0:02:55]} 78... gxf4+ {[%clk 0:05:32]} 79. Kxf4 {
[%clk 0:03:20]} 79... Bd7 {[%clk 0:05:42]} 80. g5+ {[%clk 0:03:45]} 80... Kg6 {
[%clk 0:06:07]} 81. Ng1 {[%clk 0:03:54]} 81... Bf5 {[%clk 0:06:12]} 82. Nf3 {
[%clk 0:04:18]} 82... Bb1 {[%clk 0:06:31]} 83. Kg4 {[%clk 0:04:29]} 83... Bf5+
{[%clk 0:06:55]} 84. Kh4 {[%clk 0:04:56]} 84... Bb1 {[%clk 0:07:17]} 85. Kg4 {
[%clk 0:04:11]} 85... Bf5+ {[%clk 0:07:42]} 86. Kf4 {[%clk 0:04:38]} 86... Bb1
{[%clk 0:08:06]} 87. Nh4+ {[%clk 0:05:03]} 87... Kg7 {[%clk 0:08:30]} 88. Kg4 {
[%clk 0:05:06]} 1/2-1/2

[Event "DEM U18 2019"]
[Site "Willingen GER"]
[Date "2019.06.13"]
[Round "7"]
[White "Arndt, Magnus"]
[Black "Rieß, Alexander"]
[Result "1/2-1/2"]
[Termination "normal"]
[Board "5"]
[BlackTitle "FM"]
[WhiteElo "2186"]
[BlackElo "2305"]
[WhiteClock "00:24:46"]
[BlackClock "00:19:43"]
[PlyCount "84"]
[WhiteFideId "12998656"]
[BlackFideId "12953326"]
[EventCountry "GER"]
[EventRounds "9"]
[EventType "swiss"]
[EventDate "2019.06.08"]

1. e4 {[%clk 1:30:58]} 1... e5 {[%clk 1:30:53]} 2. Nf3 {[%clk 1:31:23]} 2...
Nc6 {[%clk 1:31:10]} 3. d4 {[%clk 1:31:49]} 3... exd4 {[%clk 1:31:30]} 4. Nxd4
{[%clk 1:32:15]} 4... Nf6 {[%clk 1:31:38]} 5. Nxc6 {[%clk 1:32:37]} 5... bxc6 {
[%clk 1:32:01]} 6. e5 {[%clk 1:33:04]} 6... Qe7 {[%clk 1:31:55]} 7. Qe2 { [%clk
1:33:29]} 7... Nd5 {[%clk 1:32:11]} 8. c4 {[%clk 1:33:54]} 8... Ba6 { [%clk
1:32:24]} 9. Nd2 {[%clk 1:34:19]} 9... g6 {[%clk 1:31:48]} 10. Nf3 { [%clk
1:34:41]} 10... Qb4+ {[%clk 1:31:14]} 11. Kd1 {[%clk 1:35:05]} 11... Rb8 {[%clk
1:31:02]} 12. Qc2 {[%clk 1:35:29]} 12... Ne7 {[%clk 1:30:56]} 13. b3 { [%clk
1:35:36]} 13... Bg7 {[%clk 1:28:21]} 14. Bd2 {[%clk 1:35:46]} 14... Qb6 { [%clk
1:27:55]} 15. c5 {[%clk 1:35:49]} 15... Qb7 {[%clk 1:28:11]} 16. Bxa6 { [%clk
1:36:12]} 16... Qxa6 {[%clk 1:28:35]} 17. Re1 {[%clk 1:36:36]} 17... O-O {[%clk
1:26:11]} 18. Qc4 {[%clk 1:36:20]} 18... Qa3 {[%clk 1:22:08]} 19. Nd4 { [%clk
1:31:54]} 19... Qb2 {[%clk 1:15:09]} 20. Nc2 {[%clk 1:31:55]} 20... Nd5 { [%clk
1:06:33]} 21. f4 {[%clk 1:31:50]} 21... a5 {[%clk 0:45:39]} 22. g3 { [%clk
1:27:50]} 22... Nb4 {[%clk 0:40:02]} 23. Qc3 {[%clk 1:27:24]} 23... Qxc3 {[%clk
0:29:20]} 24. Bxc3 {[%clk 1:27:48]} 24... Rb5 {[%clk 0:27:13]} 25. Bd4 { [%clk
1:02:50]} 25... d6 {[%clk 0:24:42]} 26. Nxb4 {[%clk 0:19:45]} 26... axb4 {[%clk
0:23:33]} 27. Kc2 {[%clk 0:19:01]} 27... dxe5 {[%clk 0:22:59]} 28. fxe5 {[%clk
0:19:12]} 28... Rd8 {[%clk 0:22:11]} 29. Rad1 {[%clk 0:19:21]} 29... Kf8 {[%clk
0:20:15]} 30. Bg1 {[%clk 0:13:28]} 30... Rxd1 {[%clk 0:19:18]} 31. Rxd1 {[%clk
0:12:18]} 31... Ra5 {[%clk 0:16:57]} 32. Kb1 {[%clk 0:08:56]} 32... Ke7 {[%clk
0:15:24]} 33. Rd4 {[%clk 0:07:23]} 33... Rb5 {[%clk 0:14:43]} 34. Rc4 { [%clk
0:05:04]} 34... Ke6 {[%clk 0:13:04]} 35. Be3 {[%clk 0:04:20]} 35... Bf8 { [%clk
0:12:41]} 36. Kc2 {[%clk 0:03:51]} 36... Kd5 {[%clk 0:12:03]} 37. Kd3 { [%clk
0:04:16]} 37... Ra5 {[%clk 0:06:37]} 38. Rxb4 {[%clk 0:04:01]} 38... Rxa2
{[%clk 0:06:51]} 39. Rf4 {[%clk 0:02:47]} 39... Bxc5 {[%clk 0:03:58]} 40. Bxc5
{[%clk 0:03:12]} 40... Kxc5 {[%clk 0:04:23]} 41. Rxf7 {[%clk 0:25:17]} 41...
Rxh2 {[%clk 0:33:57]} 42. Rd7 {[%clk 0:24:46]} 42... Rh1 {[%clk 0:19:43]}
1/2-1/2

[Event "DEM U18 2019"]
[Site "Willingen GER"]
[Date "2019.06.13"]
[Round "7"]
[White "Vuckovic, Zarko"]
[Black "Engel, Robert"]
[Result "1-0"]
[Termination "normal"]
[Board "7"]
[WhiteElo "2132"]
[BlackElo "2067"]
[WhiteClock "00:06:05"]
[BlackClock "00:09:24"]
[PlyCount "83"]
[WhiteFideId "12952087"]
[BlackFideId "12974684"]
[EventCountry "GER"]
[EventRounds "9"]
[EventType "swiss"]
[EventDate "2019.06.08"]

1. e4 {[%clk 1:30:58]} 1... c5 {[%clk 1:30:56]} 2. Nf3 {[%clk 1:31:24]} 2... d6
{[%clk 1:31:21]} 3. d4 {[%clk 1:31:50]} 3... cxd4 {[%clk 1:31:48]} 4. Nxd4 {
[%clk 1:32:15]} 4... Nf6 {[%clk 1:32:13]} 5. Nc3 {[%clk 1:32:41]} 5... a6 {
[%clk 1:32:40]} 6. f3 {[%clk 1:33:05]} 6... e5 {[%clk 1:33:05]} 7. Nb3 { [%clk
1:33:32]} 7... Be6 {[%clk 1:33:14]} 8. Be3 {[%clk 1:33:56]} 8... Be7 { [%clk
1:33:17]} 9. Nd5 {[%clk 1:33:23]} 9... Bxd5 {[%clk 1:32:12]} 10. exd5 { [%clk
1:33:12]} 10... Nbd7 {[%clk 1:31:50]} 11. Qd2 {[%clk 1:33:01]} 11... Rc8 {[%clk
1:26:07]} 12. Rc1 {[%clk 1:27:29]} 12... O-O {[%clk 1:11:10]} 13. Na5 { [%clk
1:25:39]} 13... Qc7 {[%clk 1:09:27]} 14. c4 {[%clk 1:21:02]} 14... e4 { [%clk
1:05:48]} 15. Be2 {[%clk 1:18:58]} 15... exf3 {[%clk 1:03:02]} 16. gxf3 { [%clk
1:18:30]} 16... Ne5 {[%clk 1:01:01]} 17. b4 {[%clk 1:17:01]} 17... Qd7 { [%clk
0:57:39]} 18. O-O {[%clk 1:09:15]} 18... Rfe8 {[%clk 0:51:43]} 19. Bd4 { [%clk
1:06:06]} 19... Bd8 {[%clk 0:49:14]} 20. Nb3 {[%clk 1:05:40]} 20... Qf5 { [%clk
0:46:28]} 21. Rf2 {[%clk 0:58:43]} 21... Nh5 {[%clk 0:41:00]} 22. f4 { [%clk
0:46:49]} 22... Ng6 {[%clk 0:40:09]} 23. Rg2 {[%clk 0:44:13]} 23... Nf6 { [%clk
0:34:50]} 24. Bd3 {[%clk 0:28:08]} 24... Qh3 {[%clk 0:30:23]} 25. Rf1 { [%clk
0:22:18]} 25... Rc7 {[%clk 0:25:39]} 26. Rg3 {[%clk 0:17:51]} 26... Qh4 { [%clk
0:22:59]} 27. Rg2 {[%clk 0:10:18]} 27... Ne4 {[%clk 0:17:29]} 28. Qe1 { [%clk
0:10:11]} 28... Qxe1 {[%clk 0:14:46]} 29. Rxe1 {[%clk 0:10:39]} 29... f5 {[%clk
0:14:51]} 30. Rf1 {[%clk 0:09:43]} 30... Kf7 {[%clk 0:12:26]} 31. Rc2 { [%clk
0:07:43]} 31... Bf6 {[%clk 0:12:18]} 32. Bb6 {[%clk 0:07:44]} 32... Rd7 { [%clk
0:12:12]} 33. Nd4 {[%clk 0:07:32]} 33... Rc8 {[%clk 0:11:15]} 34. Nxf5 { [%clk
0:06:06]} 34... Nc3 {[%clk 0:10:26]} 35. Ng3 {[%clk 0:06:07]} 35... Na4 { [%clk
0:09:33]} 36. Be3 {[%clk 0:05:46]} 36... Re8 {[%clk 0:10:01]} 37. Bf5 { [%clk
0:04:56]} 37... Rde7 {[%clk 0:08:19]} 38. Be6+ {[%clk 0:05:00]} 38... Kf8
{[%clk 0:08:45]} 39. Ne4 {[%clk 0:04:52]} 39... Rxe6 {[%clk 0:08:32]} 40. dxe6
{[%clk 0:05:17]} 40... Rxe6 {[%clk 0:08:58]} 41. Nxf6 {[%clk 0:05:42]} 41...
Rxe3 {[%clk 0:09:24]} 42. Nxh7+ {[%clk 0:06:05]} 1-0